| 000 | 00642nam a2200181Ia 4500 | ||
|---|---|---|---|
| 008 | 100920s9999 xx 000 0 und d | ||
| 082 |
_b87715 _a320 थ 40 |
||
| 100 | _aपोतनीस श्रीकृष्ण रामचंद्र. | ||
| 245 | _aउद्यांचे जग. | ||
| 260 |
_bमहाराष्ट्र ग्रंथ भांडार, मुंबई 4. _c1940 |
||
| 300 |
_a138 _bसाधी |
||
| 365 | _b1.25 | ||
| 520 | _aराजकारण. | ||
| 630 | _aउद्यांचे जग. | ||
| 650 | _aराजकारण. | ||
| 730 | _aउद्यांचे जग. | ||
| 942 | _cBOOK | ||
| 999 |
_c728224 _d728221 |
||